000 00629nam a2200229Ia 4500
003 OSt
005 20220923225657.0
006 a|||||r|||| 00| 0
007 ta
008 Pun
024 _a273,377
037 _cTextual
040 _aARTS
_cARTS
_bPun
041 _2Pun
_aPun
082 _aO153wN, M8
100 _aਕਾਂਗ, ਕੁਲਜੀਤ ਸਿੰਘ
245 0 _aਸਿਰਨਾਵੇ੍ਵ ਮਿਤਰਾਂ ਦੇ
260 _c1988
650 _aਪੰਜਾਬੀ ਸਾਹਿਤ
942 _hO153wN, M8
_cTEXL
_2CC
999 _c379797
_d379797